000 01193cac a2200361 i 4500
003 EG-GICUC
005 20260121101533.0
008 960312s1996 enk frb 001 0 eng d
020 _a0198262825
020 _a0198262817
020 _a9780198262824
020 _a9780198262817
035 _a689596
040 _aDLC
_cDLC
_dDLC
_erda
050 0 0 _aHV8694
_b.H657 1996
082 0 0 _a343.16321
_221
092 0 4 _221
099 _aLaw 10 1996
100 1 _aHood, Roger G.
245 1 4 _aThe death penalty :
_ba world-wide perspective /
_cby Roger Hood.
250 _a2nd revised and up-dated edition.
264 _aOxford, U.K. :
_bClarendon Press ;
_aNew York :
_bOxford University Press,
_c1996.
300 _axiii, 307 page ;
_c23 cm.
336 _atext
_btxt
_2rdacontent
337 _aunmediated
_bn
_2rdamedia
338 _avolume
_bnc
_2rdacarrier
504 _aIncludes bibliographical references (p. [252]-289) and index.
650 0 _aCapital punishment.
856 4 2 _uhttps://fll.law.cu.edu.eg/fulltext/bks/ENGB10-00080.pdf
856 4 2 _3Publisher description
_uhttp://www.loc.gov/catdir/enhancements/fy0636/96013848-d.html
905 _a10
942 _2ddc
_cBK
_e21
_n0
999 _c52200
_d52200